000 00485nam a2200169Ia 4500
999 _c29903
_d29903
003 OSt
005 20260305124458.0
008 190216s9999||||xx |||||||||||||| ||und||
040 _coclc
082 _a700
_bPAD/P
100 1 _aPatmarājan, Pi.,
_d1945-1991
_96413
245 0 _aPadmarajante Priyappetta Thirakkathakal /
_cP Padmarajan
260 _bDc Books,
_c2011.
_a2004.
300 _a502p
650 _aNadakam
942 _cBK
_2ddc
_h700
_iPAD/P
_k700
_mPAD/P